000 00851nam a2200193 i 4500
001 173845
003 ES-MaACL
005 20230906215350.0
007 t|
008 100126s1881 sp f |||| | spa d
110 2 _aReal Academia de Ciencias Exactas, Físicas y Naturales de España.
_9175635
245 1 0 _aMemorias de la Real Academia de Ciencias
_g1881.
260 _aMadrid :
_b[s.n.],
_c1881 (Imp. de la Viuda e Hijo de Eusebio Aguado)
300 _av. ;
_c28 cm.
505 8 _aContiene: T. IX ;
_tMovilización de la fuerza del mar: aprovechamiento de los motores irregulares, como las mareas y las olas por el intermedio del aire comprimido con varias aplicaciones /
_rEduardo Benot y Rodríguez (881p., 8 h. de lám. pleg.)
650 4 _aEnergía de las mareas.
_9154043
700 1 _aBenot, Eduardo.
_927763
852 _aES-MaACL
_jK-224
999 _c173845
_d173845